[Event "Benasque op 25th "]
[Site "Benasque"]
[Date "2005.07.09"]
[Round "4"]
[White "Babaev, Rashad"]
[Black "Roiz, Michael"]
[Result "0-1"]
[WhiteElo "2449"]
[BlackElo "2593"]
[Annotator "Roiz,M"]
[PlyCount "92"]
[EventDate "2005.07.06"]
[EventType "swiss"]
[EventRounds "10"]
[EventCountry "ESP"]
[SourceTitle "CBM 108"]
[Source "ChessBase"]
[SourceDate "2005.09.26"]
[SourceVersion "1"]
[SourceVersionDate "2005.09.26"]
[SourceQuality "1"]

1. e4 e6 2. d4 d5 3. Nd2 c5 4. exd5 Qxd5 5. Ngf3 cxd4 6. Bc4 Qd6 7. O-O (7. Qe2
Nf6 8. Nb3 Nc6 9. Bg5 {-->is a favourite line of Gm Eduard Rozentalis.}) 7...
Nf6 8. Nb3 Nc6 9. Nbxd4 Nxd4 10. Qxd4 {Usually black doesn't face any problems
after that tackle.} ({In my home preparation I was concerned on:} 10. Nxd4 a6
11. Bb3 Qc7 12. Qf3 Bd6) 10... Qxd4 ({Another common line here is:} 10... Bd7
11. Be3) 11. Nxd4 Bd7 {[%cal Ge8c8,Ga8c8] A flexible continuation. Now black
may either castle or to put his rook at c8.} 12. Bb5 $6 {A very strange
decision. Usually black should work hard in order to swap the light-squared
bishops. More than that,white wastes an important time and allows black to
seize the initiative.} Bxb5 $1 {That move is much more ambitious than other
possibilities.} (12... Bc5 13. Bxd7+ Kxd7 14. Rd1 Ke7 15. Nb3 Bb6 16. Bg5 Rhd8
{1/2-1/2 Tseshkovsky,V-Petrosian,T/Ordzhonikidze 1978/EXT 2001 (16)}) 13. Nxb5
Rc8 14. c3 $146 {White has to play very accurately in order to equalize.} (14.
Nxa7 Rxc2 15. Be3 Nd5 16. Rfc1 Rxb2 17. Rab1 Rxb1 18. Rxb1 Nxe3 19. fxe3 Bc5
$15 {0-1 Dilme,E-Iglesias,J/Barcelona 2000/EXT 2001 (35)}) {I have decided not
to swap the bishops at this moment.} 14... a6 ({After} 14... Bc5 15. Be3 a6 16.
Bxc5 Rxc5 17. Nd4 {black's advantage is symbolic.} (17. Nd6+ $6 Ke7 18. Rfd1 b6
{[%csl Rd6]})) 15. Nd4 Bc5 {Creating the strategical threat of 16...Bxd4.} 16.
Nf3 {[%cal Gc3c4] That is probably the best choice-white intents to advance
his queen-side pawns by c3-c4 and b2-b3,taking control of ''d5'' square.} ({
The following alternatives are clearly favourable for black:} 16. Be3 Nd5 $15)
(16. Nb3 Bb6 $15 {[%csl Rb3]}) (16. Rd1 Ke7 17. Bg5 Rhd8 $15) 16... Ba7 {
[%cal Yc8c4]} ({Possible would be also:} 16... Ke7 17. Bg5 Rhd8 18. Rfd1 h6 19.
Bxf6+ Kxf6 20. Kf1 $15 {although white should hold this endgame by accurate
play.}) 17. Bf4 ({After} 17. Be3 Bxe3 18. fxe3 Ke7 $15 {black's pawn structure
would be better.}) 17... Nd5 {I tried to avoid the exchange of my knight.} (
17... Ke7 18. Bg5 Rhd8 19. Rfd1 $15) 18. Bd2 {That looks a bit passively,but
white has no better square for the bishop.} ({For instance,} 18. Be5 f6 19. Bd4
Bb8 {[%csl Rd4][%cal Ge6e5]} 20. Rfd1 Kf7 21. Rac1 Rhd8 $15 {[%cal Ge6e5] is
also in black's favour.}) 18... f6 (18... Ke7 $5 19. Rfc1 (19. Rac1 b5 $15)
19... Rhd8 20. c4 Nf6 21. Bb4+ Ke8 $15) 19. Rfc1 $1 {A correct idea-white's
queen-side rook should stay at a1 in order to push a2-a4 at some moment.} (19.
Rac1 b5 $15) 19... Kf7 ({Premature would be:} 19... b5 $6 20. a4 Bb6 21. axb5
axb5 22. b3 $11) 20. c4 Ne7 21. b3 e5 {Black has to play
energetically-otherwise white could consolidate and neutralize the pressure.} (
21... Rhd8 22. Kf1 $15) 22. Be3 $1 {A correct defensive idea-now the weakness
of white's pawn structure is less significant,since e6-e5 is already played,so
black's knight couldn't get the ''e5'' square.} (22. Be1 $6 e4 23. Nd2 f5 $36)
22... Bxe3 23. fxe3 Rhd8 24. Rd1 $2 {There was no reason to waste time for
that move,since black's rook couldn't penetrate anyway.} ({I would perefer:} 
24. Kf2 $142 Nc6 {[%cal Ge5e4,Gc6e5]} (24... b5 25. Ke2 bxc4 26. Rxc4 Rxc4 27.
bxc4 $15) 25. e4 $15 {with good chances of equalization.} (25. Ke2 e4 26. Nd2
f5 27. g4 g6 $15)) 24... Rxd1+ 25. Rxd1 b5 $1 {Breaking the solid pawns chain
and seizing the open file. Now white's problems are obvious.} 26. cxb5 ({
I can hardly recommend:} 26. Nd2 Rd8 27. Kf2 bxc4 28. bxc4 Rd3 29. Ke2 Ra3 30.
Ra1 Nf5 $17) 26... axb5 27. a4 $6 $138 {An additional impulsive decision which
leads to a loss of pawn.} ({I would perefer the ''waiting'' strategy:} 27. Kf2
$142 Ke6 28. e4 Ra8 29. Ra1 b4 30. Ne1 $17 {although black has a great
strategical advantage here.}) 27... Rc3 $1 28. a5 {Trying to make use of the
passed pawn.} ({Nothing changed:} 28. Rb1 bxa4 29. bxa4 Ra3 $17) 28... Rxb3 29.
Ra1 Nd5 {I have decided to stop the pawn with a knight.} ({The alternative was:
} 29... Rc3 $5 30. a6 Rc8 31. Ra5 b4 $17 {with an excellent winning chances.})
30. e4 $2 {A decisive mistake-now white couldn't exchange the queen-side pawns
without swapping the rook as well.} ({The last chance of surviving was:} 30. a6
$142 Nc7 31. a7 Na8 32. Rc1 Ra3 33. Rc5 b4 34. Rb5 Rxa7 35. Rxb4 $17 {with
some practical drawish chances,since all the pawns are at the king-side.})
30... Nc7 31. a6 ({White cannot avoid a loss of the pawn after:} 31. Rc1 Ne6
32. a6 Ra3 33. Rc6 Ke7 $19 {[%csl Ra6][%cal Ge7d7,Ge6c7]}) 31... Rb4 $6 ({
Much stronger was:} 31... Ke7 32. a7 Na8 $19) 32. a7 Ra4 {Swapping the rooks.
Next several moves are forced.} 33. Rxa4 bxa4 34. Kf2 a3 35. Nd2 a2 36. Nb3 Ke7
37. Ke2 Kd7 38. Kd3 Kc6 39. Kc2 Kb7 40. Kb2 Kxa7 41. Kxa2 $2 {That natural
move was played immediately by Rashad...} ({At the same time,white could
defend very resistantly after:} 41. Nc1 $1 {avoiding the zungzwang. Although
black's position should be winning,the following variations prove that his
task is not that easy:} Kb6 (41... Ne6 42. Nxa2 Nc5 43. Nc3 Nd3+ 44. Kb3 Ne1
45. g3 $17) 42. Nxa2 Ne6 43. Kc2 Nc5 44. Nc3 Ka5 45. Kd2 Kb4 46. Nd5+ Kc4 47.
Ne3+ Kd4 48. Nf5+ Kxe4 49. Nxg7 f5 50. Ke2 {and black should play very
accurately in order to convert the extra pawn to a full point.} (50. g3 $2 Nb3+
51. Ke1 Nd4 52. Kf2 Kd3 $19)) 41... Kb6 42. Kb2 (42. Ka3 Kb5 $19) 42... Nb5 $1
$19 {That is the point! Now white cannot avoid a loss of the second pawn.} 43.
h3 (43. Kc1 Nd6 44. Nd2 Kc5 $19 {[%cal Gc5d4]}) 43... h6 44. g3 Kc6 45. g4 ({or
} 45. h4 h5 $19) 45... g5 46. Kc1 (46. Kc2 Nd4+ 47. Nxd4+ (47. Kc3 Nxb3 48.
Kxb3 Kb5 49. Kc3 Kc5 $19) 47... exd4 48. Kd2 Kb5 $1 (48... Kd6 49. Ke2 Ke5 $2
50. Kd3 Kf4 51. Kxd4 Kg3 52. Kd5 $11) 49. Kd3 Kc5 $19) 46... Nd6 (46... Nd6 47.
Nd2 Kc5 $19) 0-1

[Event "North Sea Cup 16th"]
[Site "Esbjerg"]
[Date "2001.07.13"]
[Round "8"]
[White "Rozentalis, Eduardas"]
[Black "Rustemov, Alexander"]
[Result "1-0"]
[WhiteElo "2588"]
[BlackElo "2607"]
[Annotator "Rozentalis,E"]
[PlyCount "81"]
[EventDate "2001.07.06"]
[EventType "tourn"]
[EventRounds "9"]
[EventCountry "DEN"]
[EventCategory "14"]
[SourceTitle "CBM 085"]
[Source "ChessBase"]
[SourceDate "2001.11.13"]
[SourceVersion "1"]
[SourceVersionDate "2001.11.13"]
[SourceQuality "1"]

1. e4 {Psakhis} e6 2. d4 d5 3. Nd2 c5 4. Ngf3 cxd4 5. exd5 Qxd5 6. Bc4 Qd6 7.
Qe2 {Psakhis: 'Rozentalis likes this move and he won already few games in this
line.'} Nf6 8. Nb3 Nc6 9. Bg5 a6 10. O-O-O b5 11. Bd3 Be7 ({Worth considering} 
11... Bb7 $5 {Psakhis and after} 12. Nbxd4 Nxd4 13. Nxd4 Qd5 14. Bxf6 gxf6 15.
Nxb5 Qxa2 16. Nc7+ Ke7 17. Qh5 Bh6+ $1 {Black easily equalize} 18. Qxh6 Qa1+
19. Kd2 Qa5+ 20. Kc1 Qxc7 21. Rhe1 Bd5 22. Be4 Bxe4 23. Rxe4 Qa5 {1/2-1/2 Oral,
T-Khuzman,A/EU t-ch Batumi 1999/CBM 74 (23)}) 12. Kb1 {'!' Psakhis.} (12. Nbxd4
{Psakhis} Nxd4 13. Nxd4 Qd5 $1 {[%cal Gd5g5,Gd5a2]} 14. Bxf6 Bxf6 15. Kb1 Qc5
16. Be4 Rb8 17. Bc6+ Kf8 18. Qe3 Kg8 19. Qg3 e5 20. Be4 g6 21. h4 Kg7 22. h5
Rd8 $11 {1/2-1/2 Oral,T-Zifroni,D/EUR-Cup Panormo 2001/The Week in Chess 360 
(28)}) 12... e5 (12... Bd7 $5 {Psakhis} 13. Rhe1 Rd8 14. h3 Bc8 15. Bh4 O-O 16.
c3 b4 17. Bg3 Qd7 18. cxd4 Qa7 19. Rc1 Bb7 20. Ne5 Qa8 $13 {0-1 Sermek,
D-Naumkin,I/P.S.Giorgio op 1998 (31)}) 13. Bxf6 $1 {'N!?' Psakhis. Novelty.
White defines the centre without any delay. Psakhis: 'Important novelty in
well known position, which, possibly will change evualation all line.'} (13.
Rhe1 Bg4 14. Bxf6 Bxf6 15. Qe4 Bxf3 16. gxf3 Kf8 $1 ({Smart move , as} 16...
O-O-O {gives White a strong attack after} 17. c4) 17. c3 $2 (17. f4 {White
should have played} exf4 18. Na5 Rc8 19. Nxc6 Qxc6 20. Qxf4 $15 {with a
compensation for Black's extra pawn.}) 17... g6 18. cxd4 Kg7 $2 ({Black, in
his turn could have kept the pawn:} 18... exd4 19. Rc1 Rc8 20. Na5 Ne7 $17 {
with excellent position.}) 19. dxe5 Qxe5 20. Qxe5 Nxe5 21. Be4 Ra7 22. Na5 $11
{Rozentalis - Khalifman, Bundesliga 2000/1 2001} (22. Na5 {Psakhis} Nc4 23.
Nxc4 bxc4 24. Re2 Rb8 25. Kc1 a5 26. Rd5 c3 {1/2-1/2 Rozentalis,E-Khalifman,A/
BL 0001 2001/Week In Chess 328 (26)})) (13. h3 {Psakhis} Be6 14. Rhe1 Rc8 15.
Bh4 Nd7 16. Bg3 Bf6 17. Be4 Bc4 18. Qd2 O-O 19. c3 Nc5 20. Nxc5 Qxc5 21. Bxc6
dxc3 22. Qxc3 b4 23. Qe3 Qxc6 24. Nxe5 Bxa2+ 25. Kxa2 Qa4+ 26. Kb1 b3 {0-1
Roiz,M-Holzke,F/Biel op 2000/The Week in Chess 300 (26)}) 13... gxf6 {'!?'
Psakhis.} ({Probably the best, as otherwise central pawns are fallen:} 13...
Bxf6 14. Nbxd4 Nxd4 15. Nxd4 $16 {and Black can't castle:} O-O (15... Qc5 {
Psakhis} 16. Rhe1 $13 {with complicated game.White got great compensation for
the pawn after text.} (16. f4 $5)) (15... Qxd4 $4 16. Bxb5+ $18) (15... Qb6 16.
Nc6 $1 (16. f4 $5)) 16. Qe4) (13... Qxf6 14. Be4 $16 {and White wins the e5
pawn.}) 14. Nh4 {'©' Psakhis. The knight goes to f5. Black's centre is firmly
blocked on the light squares, black king is unsafe on both sides, and White
can attack the central pawns by c2-c3 or f2-f4.} h5 $6 (14... Be6 {I would
prefer} 15. Nf5 Qc7 {,though after} 16. f4 {White has an initiative.}) (14...
Qc7 {Psakhis}) (14... Ra7 $5 {Psakhis}) 15. Nf5 Qc7 (15... Bxf5 {Psakhis} 16.
Bxf5 $44 {[%csl Re8]}) 16. Be4 {[xc6,d4]} Ra7 17. f4 {'!' Psakhis. [xe5]
Psakhis: 'White increase preassure with every move and it is very difficult (
if possible!) to defend black's position'} Bxf5 18. Bxf5 Kf8 19. Rhf1 Rh6 20.
Be4 Nd8 ({It is not much better for black and} 20... Na5 {Psakhis} 21. Nxa5
Qxa5 22. fxe5 fxe5 23. Rf5 $16) 21. Rf3 $16 {White has a lot of threats: c2-c3,
attacking the centre: Rh3, attacking the h5 pawn; or Rdf1, doubling the rooks
on the f-file. Black decides to sacrifice a pawn in an attempt to organezi a
counter-play:} a5 (21... Ne6 {Psakhis} 22. fxe5 (22. Qd2 $5) 22... fxe5 23.
Rdf1 Nf4 $140 24. Qd2 {[%cal Gf3f8,Gd2h6]}) 22. Qxb5 a4 23. Nd2 (23. Nc1 $5 {
[%cal Gc1d3] Psakhis also doesn't look too bad!}) 23... f5 (23... a3 {Black
sacrifices another pawn in order to activate his kingside rook, as White is
fine also after} 24. b3 {followed by Nc4.}) ({Possibly, that} 23... Ne6 $142 {
Psakhis was the best chance, but after} 24. fxe5 fxe5 25. Rdf1 Ng5 26. Rf5 Rb6
27. Qd5 $16 {white'a advantage is obvious.}) 24. Bxf5 exf4 25. Nc4 {Psakhis:
'Black can't protect already and bad king and five! weak pawns and can dream
just about occasional tactical chance. '} Rb7 26. Qd5 Rc6 27. Bd3 $18 {White
has enough recourses to protect his king, as his pieces are well placed, while
all black pawns are weak and his position is lost.} ({Of course, White must be
careful:} 27. Qxd4 $2 Bf6) (27. Rxd4 $2 Rc5 28. Qe4 Bf6) 27... Ne6 (27... Bf6
$142 {Psakhis}) 28. Be4 {'!' Psakhis. winning an exchange.} (28. Na5 $2 {
Psakhis} Rxb2+ $1 29. Kxb2 Rb6+ 30. Kc1 Qc3 {[%cal Re7a3]} 31. Nc4 Bb4 $40)
28... Rcb6 (28... Rxc4 {Psakhis} 29. Qxb7 Rxc2 30. Qxc7 Rxc7 31. Bf5 $18) 29.
Nxb6 Rxb6 30. b3 (30. Qf5 $5 {[%cal Ge4d5] Psakhis}) 30... Bf6 31. g3 Qe7 32.
Qa8+ Kg7 33. gxf4 {'+-' Psakhis. Psakhis: 'Rest is simple.'} Nc5 (33... Nc7 {
looses also:} 34. Rg1+ Kh6 35. Qg8) 34. Rg1+ Kh6 35. Bf5 (35. Rfg3 $1 {Psakhis}
Nxe4 36. Rg8 $18 {[%cal Rg8h8]}) 35... axb3 36. cxb3 Nxb3 {'?' Psakhis.} 37.
Rxb3 Qc5 38. Bd3 Rxb3+ 39. axb3 Qb4 40. Qd5 Qc3 41. Be2 {Psakhis: 'Nice and
very important for theory game'} 1-0

[Event "EU-Cup 17th"]
[Site "Panormo"]
[Date "2001.09.27"]
[Round "5.3"]
[White "Rozentalis, Eduardas"]
[Black "Luther, Thomas"]
[Result "1-0"]
[WhiteElo "2588"]
[BlackElo "2604"]
[Annotator "Rozentalis,E"]
[PlyCount "51"]
[EventDate "2001.09.22"]
[EventType "team-swiss"]
[EventRounds "7"]
[EventCountry "GRE"]
[SourceTitle "CBM 084 Extra"]
[Source "ChessBase"]
[SourceDate "2001.10.26"]
[SourceVersion "1"]
[SourceVersionDate "2001.10.26"]
[SourceQuality "1"]
[WhiteTeam "Warsaw Polonia"]
[BlackTeam "Graz Merkur"]
[WhiteTeamCountry "POL"]
[BlackTeamCountry "AUT"]

1. e4 e6 2. d4 d5 3. Nd2 c5 4. Ngf3 cxd4 5. exd5 Qxd5 6. Bc4 Qd6 7. Qe2 Nf6 8.
Nb3 Nc6 9. Bg5 a6 10. O-O-O b5 11. Bd3 Bb7 12. Kb1 Be7 13. Nbxd4 Nxd4 14. Nxd4
Qc5 15. h4 $1 $146 {White protects his bishop and also prepares pawns attack
on the kingside, in case of Black's short castle.} O-O 16. Rhe1 {with the
threats 17.Nf5 and 17.Ne6.} Rfe8 (16... Rfd8 17. Nf5 exf5 18. Qxe7 Qxe7 19.
Rxe7 Bxg2 20. Rg1 Kf8 21. Re5 Be4 22. Bxe4 fxe4 23. Bxf6 gxf6 24. Rxe4 $16) 17.
Nf3 {The knight goes to active location on e5.} h6 18. Ne5 $1 {White plays Ne5
anyway, as the bishop sacrifice is temprorar.} hxg5 19. hxg5 g6 20. gxf6 ({
White doesn't have any tactical decision:} 20. Nxf7 $2 Kxf7 21. Qxe6+ Kg7 22.
gxf6+ Bxf6 23. Qg4 g5) (20. Bxg6 $2 fxg6 21. Qd3 Ne4 22. Rxe4 Rad8 23. Rd4 Qxe5
) 20... Bxf6 21. f4 $1 $40 Rad8 ({after} 21... Bxe5 22. fxe5 {White will move
his rook from e1 to f6 in order to attack black pawns f7 and g6, while black
bishop will not be able to come to the kingside and protect his king.}) 22. Qg4
Bg7 (22... Qf8 {was more resistable, but White has a way to organize a
decisive attack:} 23. Rh1 Qg7 24. Rde1 Rd4 25. Nxg6 $1 fxg6 26. Bxg6 Rb4 27.
Rh7 $18) 23. Nxf7 $1 Kxf7 ({Black looses also in case of} 23... Rxd3 24. Rxd3
Qf2 25. Nh6+ Kf8 26. Rxe6 Rxe6 27. Rd8+ Ke7 28. Re8+ Kxe8 29. Qxe6+ Kd8 30.
Nf7+ Kc7 31. Qd6+ {with mate.}) 24. Bxg6+ Kf8 25. Rxd8 {and Black resigned,
because after} Rxd8 26. Qxe6 {there is no defence from Qf7 or Qe8.} 1-0